| 000 | 00756cam a22002891 4500 | ||
|---|---|---|---|
| 999 |
_c22668 _d22668 |
||
| 001 | 9381090 | ||
| 003 | BDDh-ASL | ||
| 005 | 20231015030142.0 | ||
| 008 | 850311s19741962ii a 001 0 eng | ||
| 010 | _asa 63002260 | ||
| 035 | _a(OCoLC)11790600 | ||
| 040 |
_aDLC _cOWoC _dDLC _dBDDh-ASL |
||
| 042 | _apremarc | ||
| 043 | _aa-ii--- | ||
| 045 | _aa0o0 | ||
| 050 | 0 | 0 |
_aDS451 _b.M18 1962 |
| 082 |
_a370 _bMAA |
||
| 100 | 1 | _aMahajan, Vidya Dhar. | |
| 245 | 1 | 0 | _aAncient India. |
| 250 | _a[2d ed.] | ||
| 260 |
_aDelhi, _bS. Chand, _c1974. |
||
| 300 |
_a674 p. _billus. _c23 cm. |
||
| 651 | 0 |
_aIndia _xHistory _yTo 324 B.C. |
|
| 651 | 0 |
_aIndia _xHistory _y324 B.C.-1000 A.D. |
|
| 906 |
_a7 _bcbc _coclcrpl _du _encip _f19 _gy-gencatlg |
||
| 942 |
_2ddc _cBK |
||